[Event "Ruhrgebiet Verbandsklasse Gruppe 2 1516"]
[Site "Germany"]
[Date "2016.04.24"]
[Round "9.3"]
[White "Hermann, Juergen"]
[Black "Rempe, Moritz"]
[Result "1/2-1/2"]
[WhiteElo "1839"]
[BlackElo "2008"]
[PlyCount "83"]
[EventDate "2015.09.06"]
[EventType "team-tourn"]
[EventRounds "9"]
[EventCountry "GER"]
[SourceTitle "EXT 2022"]
[Source "ChessBase"]
[SourceDate "2021.10.06"]
[SourceVersion "1"]
[SourceVersionDate "2021.10.06"]
[SourceQuality "1"]
[WhiteTeam "Essen SK Germania Kupferdreh"]
[BlackTeam "Bochum SG IV"]
[WhiteTeamCountry "GER"]
[BlackTeamCountry "GER"]

1. Nf3 Nf6 2. d4 g6 3. e3 Bg7 4. Be2 d6 5. 0-0 0-0 6. b3 Nbd7 7. Bb2 b6 8. c4 Bb7 9. Nc3 Ne4 10. Nxe4 Bxe4 11. Nd2 Bb7 12. Bf3 Bxf3 13. Nxf3 Nf6 14. Qc2 e6 15. Rfd1 Qe7 16. Rac1 Nd7 17. Ba3 c5 18. dxc5 dxc5 19. Rd2 Rad8 20. Rcd1 Nb8 21. Bb2 Bxb2 22. Qxb2 Nc6 23. Kf1 Rxd2 24. Rxd2 Rd8 25. Ke2 f6 26. Rxd8+ Qxd8 27. Qd2 Kf7 28. Qxd8 Nxd8 29. Nd2 Ke7 30. Ne4 Nc6 31. h3 f5 32. Nc3 Nb4 33. h4 h6 34. g3 Nc6 35. Nb5 Kf6 36. f4 h5 37. Kd2 e5 38. Ke1 e4 39. Kd2 Ke7 40. Nc3 Kd6 41. Nd5 Ne7 42. Nc3 1/2-1/2

[Event "Ruhrgebiet VK2 1213"]
[Site "Nordrheinwestfalen"]
[Date "2012.09.02"]
[Round "1.4"]
[White "Hermann, Juergen"]
[Black "Ziperstein, Jakob"]
[Result "0-1"]
[WhiteElo "1891"]
[BlackElo "1854"]
[PlyCount "64"]
[EventDate "2012.09.02"]
[EventType "team-tourn"]
[EventRounds "9"]
[EventCountry "GER"]
[SourceTitle "EXT 2020"]
[Source "ChessBase"]
[SourceDate "2019.10.17"]
[SourceVersion "1"]
[SourceVersionDate "2019.10.17"]
[SourceQuality "1"]
[WhiteTeam "Holsterhausen SK II"]
[BlackTeam "Dortmund FS 98 II"]
[WhiteTeamCountry "GER"]
[BlackTeamCountry "GER"]

1. Nf3 Nf6 2. d4 g6 3. e3 Bg7 4. b4 a5 5. b5 b6 6. Be2 Bb7 7. 0-0 0-0 8. c4 d6 9. Bb2 Nbd7 10. Nbd2 Re8 11. Rc1 e5 12. a4 Qe7 13. Re1 Rad8 14. Nb3 Ne4 15. Qc2 Ng5 16. Nbd2 Nxf3+ 17. Bxf3 Bxf3 18. Nxf3 e4 19. Nd2 Qh4 20. Ba3 Nf6 21. h3 g5 22. Nf1 g4 23. hxg4 Nxg4 24. f3 exf3 25. gxf3 Nxe3 26. Rxe3 Rxe3 27. Nxe3 Bxd4 28. Qg2+ Kf8 29. Rc3 Qe1+ 30. Kh2 Bxc3 31. Nd5 Qh4+ 32. Kg1 Re8 0-1

[Event "Ruhrgebiet VL1 0910"]
[Site "Germany"]
[Date "2010.03.21"]
[Round "8.5"]
[White "Roitburd, Talic"]
[Black "Hermann, Juergen"]
[Result "1-0"]
[WhiteElo "2227"]
[BlackElo "1898"]
[PlyCount "81"]
[EventDate "2009.09.06"]
[EventType "team-tourn"]
[EventRounds "9"]
[EventCountry "GER"]
[SourceTitle "EXT 2011"]
[Source "ChessBase"]
[SourceDate "2010.11.26"]
[SourceVersion "1"]
[SourceVersionDate "2010.11.26"]
[SourceQuality "1"]
[WhiteTeam "Oberhausen"]
[BlackTeam "Holsterhausen"]
[WhiteTeamCountry "GER"]
[BlackTeamCountry "GER"]

1. e4 c5 2. Nf3 e6 3. d3 Nc6 4. g3 g6 5. d4 cxd4 6. Nxd4 a6 7. Nc3 Bg7 8. Nb3 Qc7 9. Be3 b6 10. Bg2 Nge7 11. 0-0 Bb7 12. Na4 Nc8 13. c4 d6 14. f4 N6e7 15. Rc1 0-0 16. Qe2 Rb8 17. Nc3 Na7 18. Qf2 Ba8 19. Nd4 Nac6 20. Nd5 exd5 21. cxd5 Bxd4 22. Bxd4 Qd8 23. dxc6 Nxc6 24. Bc3 b5 25. Rfe1 b4 26. Be5 Nxe5 27. fxe5 Qg5 28. exd6 Rbc8 29. Qf4 Rxc1 30. Rxc1 Qb5 31. Qf2 Qd3 32. Qf4 Qd4+ 33. Kh1 f5 34. e5 Bxg2+ 35. Kxg2 Qxb2+ 36. Kh3 Qxa2 37. Qxb4 f4 38. Qc4+ Qxc4 39. Rxc4 fxg3 40. Kxg3 g5 41. e6 1-0

[Event "Ruhrgebiet VL2 0708"]
[Site "Germany"]
[Date "2008.02.17"]
[Round "6.4"]
[White "Krassowizkij, Jaroslaw"]
[Black "Hermann, Juergen"]
[Result "1-0"]
[WhiteElo "1927"]
[BlackElo "1913"]
[PlyCount "115"]
[EventDate "2007.09.02"]
[EventType "team"]
[EventRounds "9"]
[EventCountry "GER"]
[SourceTitle "EXT 2009"]
[Source "ChessBase"]
[SourceDate "2008.11.26"]
[SourceVersion "1"]
[SourceVersionDate "2008.11.26"]
[SourceQuality "1"]
[WhiteTeam "Bottrop"]
[BlackTeam "Rochade Steele/Kray"]
[WhiteTeamCountry "GER"]
[BlackTeamCountry "GER"]

1. e4 c5 2. Nc3 Nc6 3. Nf3 d6 4. d4 cxd4 5. Nxd4 Nf6 6. Bc4 e6 7. 0-0 a6 8. Be3 Bd7 9. f4 Qc7 10. Bd3 Be7 11. a4 0-0 12. Nxc6 Bxc6 13. a5 Rac8 14. Qe1 Rfe8 15. Qg3 g6 16. Bb6 Qb8 17. f5 exf5 18. exf5 d5 19. Qxb8 Rxb8 20. Rad1 Nd7 21. Bd4 Bb4 22. fxg6 hxg6 23. Ra1 Bc5 24. Bxc5 Nxc5 25. Rad1 d4 26. Na2 Nxd3 27. cxd3 Re5 28. b4 Re2 29. Rf2 Rbe8 30. Nc1 Re1+ 31. Rxe1 Rxe1+ 32. Rf1 Re3 33. Kf2 Bb5 34. Re1 Bxd3 35. Rxe3 dxe3+ 36. Kxe3 Bb5 37. Kd4 f5 38. Ke5 Kf7 39. Nb3 Ke7 40. Nc5 Bc6 41. g3 Bg2 42. h4 Bc6 43. Ne6 Bd7 44. Nf4 Be8 45. Nd5+ Kf7 46. Nb6 Bc6 47. Nc8 Bg2 48. Nb6 Bc6 49. Nd5 Be8 50. Kd6 Bc6 51. Nb6 Bg2 52. Nd7 Bh1 53. Nc5 Bf3 54. Kc7 Kf6 55. Nxb7 g5 56. hxg5+ Kxg5 57. b5 Be2 58. b6 1-0

[Event "Ruhrgebiet VL2 0708"]
[Site "Germany"]
[Date "2008.01.20"]
[Round "5.4"]
[White "Hermann, Juergen"]
[Black "Sohlmann, Jan Henning"]
[Result "1-0"]
[WhiteElo "1913"]
[BlackElo "2004"]
[PlyCount "79"]
[EventDate "2007.09.02"]
[EventType "team"]
[EventRounds "9"]
[EventCountry "GER"]
[SourceTitle "EXT 2009"]
[Source "ChessBase"]
[SourceDate "2008.11.26"]
[SourceVersion "1"]
[SourceVersionDate "2008.11.26"]
[SourceQuality "1"]
[WhiteTeam "Rochade Steele/Kray"]
[BlackTeam "Welper SV"]
[WhiteTeamCountry "GER"]
[BlackTeamCountry "GER"]

1. d4 f5 2. Nc3 g6 3. e4 fxe4 4. Nxe4 Nf6 5. Nxf6+ exf6 6. d5 d6 7. Be3 Bg7 8. Qd2 0-0 9. 0-0-0 Nd7 10. Bh6 Nc5 11. Bxg7 Kxg7 12. h4 Qe8 13. f3 Qa4 14. Kb1 b5 15. Ne2 Bd7 16. Nd4 Rfe8 17. g4 h6 18. g5 fxg5 19. h5 Rf8 20. hxg6 Rf4 21. b3 Qa3 22. Bxb5 Bxb5 23. Nxb5 Qb4 24. Qxb4 Rxb4 25. Nxc7 Rc8 26. Ne6+ Kxg6 27. Nxc5 Rxc5 28. Rhe1 h5 29. Re6+ Kf5 30. Rxd6 h4 31. Rd8 Rbb5 32. a4 Rb7 33. d6 Kf4 34. Rf8+ Kg3 35. d7 Rxd7 36. Rxd7 h3 37. Rxa7 h2 38. Rh7 Rc3 39. Rfh8 Kf2 40. Rxh2+ 1-0

[Event "Ruhrgebiet VK2 0405"]
[Site "Ruhrgebiet"]
[Date "2004.11.07"]
[Round "3.6"]
[White "Hermann, Juergen"]
[Black "Achenbach, Manfred"]
[Result "1-0"]
[WhiteElo "1902"]
[BlackElo "2041"]
[PlyCount "63"]
[EventDate "2004.09.12"]
[EventType "team"]
[EventRounds "9"]
[EventCountry "GER"]
[SourceTitle "EXT 2006"]
[Source "ChessBase"]
[SourceDate "2005.11.24"]
[SourceVersion "1"]
[SourceVersionDate "2005.11.24"]
[SourceQuality "1"]
[WhiteTeam "Rochade Steele/Kray"]
[BlackTeam "Muelheim Heissen"]
[WhiteTeamCountry "GER"]
[BlackTeamCountry "GER"]

1. c4 Nf6 2. Nc3 c5 3. g3 d6 4. Bg2 e5 5. d3 Be7 6. e4 Nbd7 7. Nge2 Nf8 8. h3 h6 9. Be3 a6 10. 0-0 Bd7 11. a4 Ne6 12. Qd2 Nd4 13. Bxd4 cxd4 14. Nd5 Nxd5 15. exd5 0-0 16. a5 h5 17. f4 h4 18. g4 Rb8 19. b4 b5 20. axb6 Rxb6 21. Rab1 f5 22. gxf5 Bxf5 23. Kh2 exf4 24. Nxd4 Bg5 25. Qc2 Rb7 26. Ne6 Bxe6 27. dxe6 Re7 28. d4 Qc7 29. d5 Rc8 30. Qg6 f3 31. Bxf3 Rf8 32. Be4 1-0

[Event "Ruhrgebiet VK2 0405"]
[Site "Ruhrgebiet"]
[Date "2004.10.10"]
[Round "2.5"]
[White "Hermann, Juergen"]
[Black "Friedemann, Helmut"]
[Result "0-1"]
[WhiteElo "1902"]
[BlackElo "1919"]
[PlyCount "76"]
[EventDate "2004.09.12"]
[EventType "team"]
[EventRounds "9"]
[EventCountry "GER"]
[SourceTitle "EXT 2006"]
[Source "ChessBase"]
[SourceDate "2005.11.24"]
[SourceVersion "1"]
[SourceVersionDate "2005.11.24"]
[SourceQuality "1"]
[WhiteTeam "Rochade Steele/Kray"]
[BlackTeam "Hervest Dorsten"]
[WhiteTeamCountry "GER"]
[BlackTeamCountry "GER"]

1. c4 e5 2. g3 Nf6 3. Bg2 d5 4. cxd5 Nxd5 5. Nc3 Be6 6. Nf3 Nc6 7. 0-0 Be7 8. a3 Qd7 9. d3 h6 10. Bd2 0-0 11. b4 a6 12. Ne4 Bh3 13. Rc1 Bxg2 14. Kxg2 Rad8 15. Nc5 Bxc5 16. Rxc5 Rfe8 17. e4 Nf6 18. Rc3 Re6 19. Qe2 Rd6 20. Ne1 Nd4 21. Qd1 Nb5 22. Rc5 Nxe4 23. Rxe5 Nxd2 24. Qxd2 Nxa3 25. Rc5 Nb5 26. f4 Nd4 27. Qc3 Nb5 28. Qc1 Re8 29. f5 b6 30. Rc4 Rf6 31. g4 Qd5+ 32. Kh3 h5 33. Qf4 hxg4+ 34. Kxg4 g6 35. Qg5 Rxf5 36. Rxf5 Qxf5+ 37. Qxf5 gxf5+ 38. Kxf5 Nd6+ 0-1

[Event "Werther Schloss op-B 10th"]
[Site "Werther"]
[Date "2004.04.04"]
[Round "4"]
[White "Jackl, Christian"]
[Black "Hermann, Juergen"]
[Result "0-1"]
[WhiteElo "1590"]
[BlackElo "1508"]
[PlyCount "80"]
[EventDate "2004.04.02"]
[EventType "swiss"]
[EventRounds "5"]
[EventCountry "GER"]
[SourceTitle "EXT 2006"]
[Source "ChessBase"]
[SourceDate "2005.11.24"]
[SourceVersion "1"]
[SourceVersionDate "2005.11.24"]
[SourceQuality "1"]

1. e4 e5 2. Nf3 Nc6 3. c3 Nf6 4. d4 exd4 5. e5 Nd5 6. cxd4 Bb4+ 7. Bd2 Bxd2+ 8. Qxd2 0-0 9. Bc4 Nce7 10. 0-0 h6 11. Nc3 c6 12. Ne4 Kh8 13. Nd6 b5 14. Bb3 Ba6 15. Rfe1 Nc8 16. Bxd5 cxd5 17. Nf5 d6 18. Rac1 Qd7 19. Qf4 Kh7 20. Nxd6 Nxd6 21. exd6 Rad8 22. Re7 Qxd6 23. Qxd6 Rxd6 24. Rxa7 f6 25. h3 Re8 26. Nd2 Rde6 27. Rd7 R6e7 28. Rxd5 Ra8 29. Rc3 Re1+ 30. Kh2 Re2 31. Nb3 Rxf2 32. Nc5 Bc8 33. b4 Raxa2 34. Rd8 Bf5 35. d5 Rab2 36. d6 Rxb4 37. d7 Rd4 38. Rb8 Bxd7 39. Rd8 b4 40. Nxd7 bxc3 0-1